000 01513cam a2200349 a 4500
001 261
003 BD-RjUL
005 20211208233137.0
008 131112r19721926enk 001 0 eng d
020 _a0041210085
035 _a(BD-RjUL)278
040 _aBD-RjUL
_beng
_cBD-RjUL
041 _aeng
082 _222
_a146.4
_bRUO
100 1 _aRussell, Bertrand,
_d1872-1970.
_9854
245 1 0 _aOur knowledge of the external world :
_bas a field for scientific method in philosophy /
_cBertrand Russell.
250 _a[Rev. ed.]
260 _aLondon :
_bAllen & Unwin,
_c1926 [ Impression 1972.]
300 _a251 p. ;
_c23 cm.
500 _aDelivered as Lowell lectures in 1914.
500 _aThis ed. originally published: London : Allen & Unwin, 1926.
500 _a1st ed. originally published: Chicago : Open Court, 1914. Reissued: London : Allen & Unwin, 1922.
504 _aIncludes bibliographical footnotes and index.
505 0 _aCurrent tendencies -- Logic as the essence of philosophy -- On our knowledge of the external world -- The world of physics and the world of sense -- The theory of continuity -- The problem of infinity considered historically -- The positive theory of infinity -- On the notion of cause, with applications to the free-will problem.
526 _bPhilosophy
650 0 _aAnalysis (Philosophy)
_9282
650 0 _aKnowledge, Theory of.
_9855
650 0 _aMethodology.
_9856
650 0 _aLogical atomism.
_9857
650 0 _aPhilosophy.
_9858
942 _2ddc
_cBK
999 _c261
_d261